LEADER 01028nam a2200277 i 4500 001 991004161149707536 005 20020506114520.0 008 010228s1996 it ||| | ita 035 $ab10616093-39ule_inst 035 $aEXGIL134778$9ExL 040 $aDip.to Filol. Ling. e Lett.$bita 082 0 $a853.509 100 1 $aBozzola, Sergio$0165320 245 13$aLa retorica dell'eccesso :$bil Tribunale della critica di Francesco Fulvio Frugoni /$cSergio Bozzola 260 $aPadova :$bAntenore,$c1996 300 $axii, 330 p. ;$c22 cm. 490 0 $aMiscellanea erudita ;$v59 650 4$aBarocco 650 4$aFrugoni, Francesco Fulvio$xOpere - Tribunale della critica 650 4$aRetorica 907 $a.b10616093$b23-02-17$c28-06-02 912 $a991004161149707536 945 $aLE008 FL.M. (f.r.) XXII B 487$g1$i2008000028497$lle008$o-$pE0.00$q-$rl$s- $t0$u0$v0$w0$x0$y.i10702854$z28-06-02 996 $aRetorica dell'eccesso$9232242 997 $aUNISALENTO 998 $ale008$b01-01-01$cm$da $e-$fita$git $h3$i1 LEADER 01607nam 2200469I 450 001 9910703779503321 005 20150515090044.0 035 $a(CKB)5470000002433923 035 $a(OCoLC)909021920 035 $a(EXLCZ)995470000002433923 100 $a20150515j201412 ua 0 101 0 $aeng 135 $aurcn||||||||| 181 $ctxt$2rdacontent 182 $cc$2rdamedia 183 $acr$2rdacarrier 200 10$aGeneral Dynamic (GD) launch waveform on-orbit performance report /$fJanette C. Briones and Mary Jo Shalkhauser 210 1$aCleveland, Ohio :$cNational Aeronautics and Space Administration, Glenn Research Center,$dDecember 2014. 215 $a1 online resource (16 pages) $ccolor illustrations 225 1 $aNASA/TM ;$v2014-218316 300 $aTitle from title screen (viewed on May 15, 2015). 300 $a"December 2014." 517 $aGeneral Dynamic 606 $aRadio communication$2nasat 606 $aOrbital space tests$2nasat 606 $aTDR satellites$2nasat 606 $aSpace communication$2nasat 606 $aUltrahigh frequencies$2nasat 615 7$aRadio communication. 615 7$aOrbital space tests. 615 7$aTDR satellites. 615 7$aSpace communication. 615 7$aUltrahigh frequencies. 700 $aBriones$b Janette C.$01423117 702 $aShalkhauser$b Mary Jo W. 712 02$aNASA Glenn Research Center, 801 0$bGPO 801 1$bGPO 906 $aBOOK 912 $a9910703779503321 996 $aGeneral Dynamic (GD) launch waveform on-orbit performance report$93549545 997 $aUNINA